00457nam a22001337a 450000500170000000800410001702000150005804000130007308200250008610000580011124501020016926000410027130000110031220240510114225.0240510b ||||| |||| 00| 0 eng d a9695060331 cPK-LaUMT aAPC 297.40902bFAZ-A aFazal Shah Qutab Alam = فضل شاہ قطب عالم aAkhs alkhawas = اخص الخواص /cby Fazal Shah Qutab Alam = فضل شاہ قطب عالم aLahore :bTasawwaf Foundation,c1999 a255 p.